Textbook of biochemistry and molecular cell biology (Record no. 359746)

MARC details
000 -LEADER
fixed length control field 00499 a2200181 4500
005 - DATE & TIME
control field 20250519140611.0
008 - FIXED-LENGTH DATA ELEMENTS--GENERAL INFORMATION
fixed length control field 250519b |||||||| |||| 00| 0 eng d
020 ## - ISBN
International Standard Book Number 9781666867732
Price $ 193.00
040 ## - CATALOGING SOURCE
Original cataloging agency VIVEKANANDA LIBRARY
082 ## - DDC NUMBER
Classification number 571.6
Book Number G223T
100 ## - MAIN ENTRY--PERSONAL NAME
Personal name Gatewood, Robert
245 ## - TITLE STATEMENT
Title Textbook of biochemistry and molecular cell biology
260 ## - PUBLICATION, DISTRIBUTION, ETC. (IMPRINT)
Name of publisher, distributor, etc American Academic Publisher
Date of publication, distribution, etc 2024
Place of publication, distribution, etc Wilmington
300 ## - PHYSICAL DESCRIPTION
Pages x, 352
650 ## - Subject
Subject Molecular Biology
650 ## - Subject
Subject DNA Technology
942 ## - ADDED ENTRY ELEMENTS (KOHA)
Koha item type Books
Holdings
Withdrawn status Lost status Source of classification or shelving scheme Damaged status Not for loan Location (home branch) Sublocation or collection (holding branch) Shelving location Date acquired Koha issues (times borrowed) Koha full call number Accession No. Koha date last seen Koha item type
    Dewey Decimal Classification     VIVEKANANDA LIBRARY VIVEKANANDA LIBRARY Vivekananda Library 23/12/2024   571.6 G223T 394794 23/12/2024 Books
© Designed and Maintained by Vivekananda Library, MDU Rohtak